000 00481nam a22001817a 4500
003 CEME
005 20210628205947.0
008 210209b xxu||||| |||| 00| 0 eng d
020 _a0-8306-3920-9
040 _c.
082 _a621.3815324 HOR
100 _aHorn, Delton T
_97189
245 _aDesigning and building electronic filters
260 _aUSA
_bTAB BOOKS
_c1992
300 _a305P
650 _aELECTRONIC FILTERS - DESIGN AND CONSTRUCTION
_977678
942 _cBK
_2ddc
999 _c582901
_d582901